Sábadomingo /

Guardado en:
Autor Principal: Tiempo, César.
Formato: Libro
Publicado: Buenos Aires : CEAL, 1966.
Series:Serie del encuentro ; 2
Materias:
Etiquetas: Agregar Etiqueta
Sin Etiquetas, Sea el primero en etiquetar este registro!
LEADER 00541nam a22001815a 4500
001 EHU.bham051913
008 240229s1966####ag############000#0#####d
005 20240306074642.0
245 1 0 |a Sábadomingo /  |c César Tiempo. 
260 |a Buenos Aires :  |b CEAL,  |c 1966. 
300 |a 70 p. 
490 1 |a Serie del encuentro ;  |v 2 
100 1 |a Tiempo, César. 
082 A 8 |a A861.4 T443-1 
653 |a Colección Villar 
653 |a Literatura argentina 
653 |a Poesía argentina-1911- 
859 |a AR-BHAM  |b BIB. HUMANIDADES - General  |h A861.4  |i T443-1  |p 26.24  |t 1